000 00758nam a22002295i 4500
001 175966
003 ES-MaACL
005 20250516170137.0
008 101202s1975 sp f |||| | spa d
020 _a84-387-0019-5
080 _a929 Beethoven, Ludwig van
080 _a78 Beethoven, Ludwig van
100 1 _aRuiz Tarazona, Andrés.
_9100932
245 1 0 _aBeethoven
_b: el espíritu volcánico /
_cAndrés Ruiz Tarazona.
260 _aMadrid :
_bReal Musical,
_cD. L. 1975.
300 _a119, [4] p. de lám. bl. y n. ;
_c16 cm.
490 1 _aMúsicos ;
_v20
600 1 7 _aBeethoven, Ludwig van,
_d1770-1827
_2embne
_9240507
830 0 _aMúsicos ;
_v20
_9189862
852 _aES-MaACL
_j2269-F-4
_xOlim P-102
999 _c175966
_d175966